[Event "38th ch-IND w 2011"]
[Site "Chennai IND"]
[Date "2011.10.30"]
[Round "2"]
[White "Meera,S"]
[Black "Meenakshi,Sub"]
[Result "0-1"]
[WhiteElo "2117"]
[BlackElo "2297"]

1.e4 g6 2.d4 Bg7 3.Nc3 d6 4.Bg5 c6 5.Qd2 Qa5 6.f4 Nf6 7.Nf3 Bg4 8.Be2 Bxf3
9.Bxf3 e5 10.dxe5 dxe5 11.fxe5 Qxe5 12.Bf4 Qe6 13.Bd6 Nbd7 14.O-O-O Ne5 15.Qd4 Nfd7
16.Qb4 b6 17.Rhe1 Bf6 18.Nd5 cxd5 19.exd5 Qf5 20.Bg4 Qg5+ 21.Kb1 Kd8 22.Bxe5 Bxe5
23.Qa4 f5 24.Bf3 Qf4 25.Qb5 Rc8 26.b3 Bd6 27.Re6 Nc5 28.g3 Qxf3 29.Rxd6+ Ke7
30.Rf1 Qe4 31.Rc6 Rxc6 32.Qxc6 Rd8 33.b4 Qxb4+ 34.Kc1 Qe4 35.Rd1 Qe5 36.d6+ Rxd6  0-1

[Event "38th ch-IND w 2011"]
[Site "Chennai IND"]
[Date "2011.10.30"]
[Round "2"]
[White "Soumya,Sw"]
[Black "Kiran,M"]
[Result "1-0"]
[WhiteElo "2318"]
[BlackElo "2213"]

1.e4 d6 2.d4 g6 3.Nc3 Bg7 4.Be3 a6 5.f4 b5 6.Bd3 Nd7 7.Nf3 Bb7 8.Qe2 b4 9.Nd1 e6
10.a3 a5 11.O-O Ngf6 12.Nf2 O-O 13.Bd2 c5 14.dxc5 dxc5 15.e5 Nd5 16.c4 bxc3
17.bxc3 Qc7 18.c4 Ne7 19.Ne4 Bxe4 20.Bxe4 Rab8 21.Bc3 f6 22.exf6 Bxf6 23.Bxf6 Rxf6
24.Ng5 Rb6 25.Rab1 Rxb1 26.Bxb1 Nf8 27.g3 Nf5 28.Qe5 Qe7 29.Ne4 Rf7 30.Nxc5 Qa7
31.Kh1 Qb6 32.Ne4 Ne3 33.Re1 Ng4 34.Qc3 Nd7 35.h3 Ngf6 36.Ng5 Re7 37.f5 Qc6+
38.Kh2 Qc5 39.fxe6 Qf2+ 40.Kh1 Nc5 41.Qe3 Qxe3 42.Rxe3 Kg7 43.Re5 Rb7 44.Bc2  1-0

[Event "TCh-CZE Liga 1 Zapad"]
[Site "Czech Rep CZE"]
[Date "2011.10.30"]
[Round "2.1"]
[White "Petr, Martin"]
[Black "Michalek, Jan"]
[Result "1-0"]
[WhiteElo "2526"]
[BlackElo "2332"]

1.e4 g6 2.d4 Bg7 3.Nc3 d6 4.Be3 a6 5.a4 Nf6 6.h3 O-O 7.Nf3 b6 8.Bc4 e6 9.Bg5 h6
10.Bxf6 Qxf6 11.O-O Nc6 12.d5 Nd4 13.Nxd4 Qxd4 14.Qe2 Qc5 15.Ra3 c6 16.dxc6 Qxc6
17.Nd5 Ra7 18.Nb4 Qa8 19.c3 Bb7 20.Re1 d5 21.Bd3 Rd8 22.exd5 exd5 23.f4 d4
24.c4 Bf8 25.Rb3 Bc5 26.f5 g5 27.f6 Qb8 28.Qh5 Bf8 29.Re7 Bxe7 30.Qxh6 Bxf6
31.Bh7+ Kh8 32.Bg6+  1-0

[Event "TCh-CZE Liga 1 Zapad"]
[Site "Czech Rep CZE"]
[Date "2011.10.30"]
[Round "2.8"]
[White "Suran, Jan"]
[Black "Fiala, Jaroslav"]
[Result "1-0"]
[WhiteElo "2360"]
[BlackElo "2235"]

1.e4 g6 2.d4 Bg7 3.Nc3 d6 4.Be3 a6 5.Bd3 b5 6.Qd2 Bb7 7.a4 b4 8.Nce2 a5 9.Nf3 Nf6
10.Ng3 Nbd7 11.Bh6 Bxh6 12.Qxh6 e6 13.O-O Qe7 14.Rfe1 Ng4 15.Qf4 h5 16.h3 e5
17.Qd2 Ngf6 18.c3 bxc3 19.Qxc3 c5 20.dxe5 dxe5 21.Nf1 c4 22.Bxc4 Nxe4 23.Qc2 Nd6
24.Be2 O-O 25.Rad1 Nf6 26.Qc5 Nfe4 27.Qxe5 Qxe5 28.Nxe5 Rfd8 29.Ne3 Nc5 30.N3c4 Nxc4
31.Bxc4 Kg7 32.Nxf7 Rxd1 33.Rxd1 Nxa4 34.Ne5 Nc5 35.Rd6 Be4 36.f3 Re8 37.Nd7 Rd8
38.Nxc5 Rxd6 39.Nxe4 Rd4 40.Be6 Rb4 41.b3 a4 42.bxa4 Rxa4 43.h4 Ra6 44.Bc4 Ra4
45.Bb5 Ra5 46.Be2 Ra2 47.Kf2 Rb2 48.Ke3 Ra2 49.g3 Ra1 50.Kf4 Ra2 51.Bd3 Ra3
52.Bc4 Ra4 53.Bd5 Ra3 54.Ng5 Ra1 55.Be4 Kf6 56.Ke3 Rg1 57.Kf2 Ra1 58.Nh3 Ra2+
59.Ke3 Rg2 60.Nf4 Rxg3 61.Kf2  1-0

[Event "1st Panama Open"]
[Site "Panama City PAN"]
[Date "2011.11.03"]
[Round "1.6"]
[White "Mencos,C"]
[Black "Almeida Quintana,O"]
[Result "0-1"]
[WhiteElo "2033"]
[BlackElo "2538"]

1.e4 g6 2.d4 Bg7 3.Nc3 d6 4.Bg5 a6 5.a4 h6 6.Be3 b6 7.Nf3 Bb7 8.h3 e6 9.Be2 Nd7
10.Qd2 Ne7 11.O-O Nf6 12.e5 Nd7 13.d5 Bxd5 14.exd6 cxd6 15.Nxd5 Nxd5 16.Bd4 Bxd4
17.Qxd4 Qf6 18.Rfd1 Ke7 19.c3 Qxd4 20.Rxd4 Nc5 21.Re1 Nf6 22.Nd2 Rhd8 23.Bf3 Rab8
24.Nc4 e5 25.a5 b5 26.Nb6 Nb3 27.Nd5+ Nxd5 28.Bxd5 Nxd4  0-1

[Event "1st Panama Open"]
[Site "Panama City PAN"]
[Date "2011.11.05"]
[Round "5.16"]
[White "Leon,Orlando"]
[Black "Shoker,S"]
[Result "0-1"]
[WhiteElo "1812"]
[BlackElo "2512"]

1.e4 g6 2.d4 d6 3.Nc3 Bg7 4.Nf3 a6 5.a4 Nf6 6.h3 O-O 7.Bc4 Nxe4 8.Nxe4 d5
9.Bd3 dxe4 10.Bxe4 Nd7 11.c3 c5 12.Be3 cxd4 13.Bxd4 e5 14.Be3 Qc7 15.O-O h6
16.Bc2 Nb6 17.Bb3 Nc4 18.Bxc4 Qxc4 19.Qd6 Re8 20.Rfd1 Bf5 21.a5 Bc2 22.Rd2 Bf8
23.Qf6 Bg7 24.Qb6 Be4 25.Nh2 Bc6 26.Rad1 Kh7 27.Nf1 f5 28.Bc5 f4 29.f3 Rac8
30.Bf2 e4 31.fxe4 Qxe4 32.Bd4 f3 33.Bxg7 Kxg7 34.Rd4 f2+  0-1

[Event "1st Panama Open"]
[Site "Panama City PAN"]
[Date "2011.11.05"]
[Round "6.13"]
[White "Uribe Arteaga,D"]
[Black "Vitoux,C"]
[Result "1/2-1/2"]
[WhiteElo "2228"]
[BlackElo "2415"]

1.e4 g6 2.d4 Bg7 3.Nc3 d6 4.h3 a6 5.a4 b6 6.Nf3 Bb7 7.Be3 e6 8.Qd2 h6 9.Bd3 Nd7
10.Ne2 Ngf6 11.Ng3 d5 12.e5 Ne4 13.Bxe4 dxe4 14.Nh2 c5 15.c3 Qc7 16.O-O b5
17.axb5 axb5 18.Rxa8+ Bxa8 19.Re1 Qc6 20.h4 O-O 21.Bf4 Rd8 22.Nxe4 Nxe5 23.Bxh6 cxd4
24.Bxg7 Kxg7 25.Qg5 Rd5 26.Qf6+ Kg8 27.cxd4 Rxd4 28.f3 Qb6 29.Kh1 Nd7 30.Qg5 Bxe4
31.fxe4 Qc5 32.e5 Nxe5 33.Rc1 Qd5 34.Rf1 Rd1 35.Qf4 Rxf1+ 36.Nxf1 Nd3 37.Qf6 Qf5
38.Qd8+ Kh7 39.Ng3 Nf2+ 40.Kh2 Qf4 41.Qg5 Ng4+ 42.Kh3 Nf2+ 43.Kh2 Qxg5 44.hxg5 b4
45.Ne2 e5 46.Nc1 b3 47.Nxb3 Nd3 48.Nd2 Nxb2 49.Kg3 Kg7 50.Kf3 f5 51.gxf6+ Kxf6
52.Ke4 Nd1 53.Nf3 Nc3+ 54.Kd3 Nd1 55.Ke4 Nf2+ 56.Ke3 Nd1+ 57.Ke4 Nc3+ 58.Kd3 Nb5
59.Ke4 Nd6+ 60.Kd5 Nf7 61.g4 e4  1/2-1/2

[Event "TCh-BEL 2011-12"]
[Site "Eupen BEL"]
[Date "2011.11.06"]
[Round "3.5"]
[White "Coenen,M"]
[Black "Gryson,W"]
[Result "1-0"]
[WhiteElo "2326"]
[BlackElo "2242"]

1.e4 g6 2.d4 Bg7 3.Nc3 d6 4.Be3 Nd7 5.Qd2 a6 6.a4 b6 7.Bc4 e6 8.Nge2 Bb7
9.Bb3 h6 10.h4 Ngf6 11.f3 Qe7 12.g4 c5 13.Kf2 Rc8 14.Ng3 Ng8 15.Rad1 Bf6
16.dxc5 dxc5 17.g5 hxg5 18.hxg5 Rxh1 19.Rxh1 Bg7 20.Rh7 Kf8 21.Bf4 Bd4+ 22.Kg2 Rc6
23.Nd5 Qe8 24.c3 Bg7 25.Nc7 Qe7 26.Bc4 Be5 27.Nxa6 Qd6 28.Qxd6+ Rxd6 29.Be3 Bc6
30.a5 Bb7 31.f4 Bg7 32.axb6 Bxa6 33.Bxa6 Ne7 34.Bb5 Nxb6 35.e5 Rd8 36.Bxc5 Rd2+
37.Be2 Nd5 38.Kf3 Rxb2 39.Bc4 Rc2 40.Ne4 Kg8 41.Rh1 Nf5 42.Bb3 Rb2 43.Bxd5 exd5
44.Nd6 Bf8 45.Ne8 Bg7 46.Nc7 Rd2 47.Nb5 Bf8 48.Bd4 Be7 49.Ra1 Kg7 50.e6+ Nxd4+
51.Nxd4 Bc5 52.Ke3 Rh2 53.Ra6 Rh3+ 54.Kd2 Bxd4 55.cxd4 Rh2+ 56.Ke3 Rh3+ 57.Ke2 fxe6
58.Rxe6 Rh2+ 59.Ke3 Rh3+ 60.Kd2 Rf3 61.Rf6 Rh3 62.f5 gxf5 63.Rxf5 Kg6 64.Rxd5 Rg3
65.Re5 Kf7 66.d5 Ra3 67.d6 Ra7 68.Ke3 Rd7 69.Rd5 Ke6 70.Ke4  1-0

[Event "1st Panama Open"]
[Site "Panama City PAN"]
[Date "2011.11.06"]
[Round "8.5"]
[White "Perez Garcia,Rodn"]
[Black "Almeida Quintana,O"]
[Result "1/2-1/2"]
[WhiteElo "2424"]
[BlackElo "2538"]

1.e4 g6 2.d4 Bg7 3.Nc3 d6 4.Nf3 Nf6 5.Be2 O-O 6.O-O Bg4 7.h3 Bxf3 8.Bxf3 Nc6
9.Be3 Re8 10.d5 Ne5 11.Be2  1/2-1/2

[Event "FSFMC November"]
[Site "Budapest HUN"]
[Date "2011.11.08"]
[Round "4"]
[White "Breen,Anthony"]
[Black "Bella,Zsolt"]
[Result "1-0"]
[WhiteElo "1659"]
[BlackElo "1457"]

1.e4 g6 2.d4 Bg7 3.Nc3 d6 4.Be3 Nf6 5.h3 Nbd7 6.Nf3 O-O 7.Qd2 c5 8.d5 Qb6
9.Rb1 Qa5 10.Bh6 Kh8 11.Bxg7+ Kxg7 12.Bd3 Nb6 13.O-O Na4 14.Nxa4 Qxa4 15.Qc3 Kg8
16.Rfe1 Re8 17.Bc4 a6 18.e5 Nh5 19.Bb3 Qf4 20.Re2 b5 21.a3 c4 22.Ba2 Bb7
23.Rd1 e6 24.Rd4 Qh6 25.dxe6 Nf4 26.exf7+ Kxf7 27.Re3 Nd5 28.Bxc4 Rac8 29.Qb3 Rc5
30.Bxd5+ Bxd5 31.Rxd5 Rxd5 32.Qxd5+ Kg7 33.Qxd6 Rf8 34.e6 Kh8 35.e7  1-0

[Event "Zakopane Open"]
[Site "Zakopane POL"]
[Date "2011.11.09"]
[Round "6"]
[White "Parligras,C"]
[Black "Sowul,B"]
[Result "1-0"]
[WhiteElo "2251"]
[BlackElo "2196"]

1.e4 g6 2.d4 d6 3.Nc3 Bg7 4.Bc4 e6 5.Nf3 Ne7 6.Be3 a6 7.Qd2 b5 8.Bd3 h6 9.O-O Nd7
10.Ne2 Bb7 11.a4 bxa4 12.Rxa4 d5 13.Nc3 dxe4 14.Bxe4 Bxe4 15.Nxe4 Nb6 16.Ra2 Qd5
17.Nc3 Qb7 18.Bf4 Nf5 19.Be5 Nc4 20.Qe2 Nxe5 21.dxe5 O-O 22.Rd1 g5 23.h3 Ne7
24.Ne4 Nd5 25.g3 Rfd8 26.b3 a5 27.Ra4 Ne7 28.Rxd8+ Rxd8 29.Rxa5 Nc6 30.Rc5 Ra8
31.Qb5 Qxb5 32.Rxb5 Ra5 33.Rxa5 Nxa5 34.Nc5 Nc6 35.Nd3 Kf8 36.Kf1 Ke7 37.Ke2 f5
38.exf6+ Bxf6 39.Nc5 Kf7 40.Na6 Bd8 41.Kd3 Kf6 42.Ke4 h5 43.Kd3 Ne7 44.Ke4 Nc6
45.b4 g4 46.hxg4 hxg4 47.Nh2 Kg5 48.c4 e5 49.Nf1  1-0

[Event "FSFMA November"]
[Site "Budapest HUN"]
[Date "2011.11.12"]
[Round "8"]
[White "Letay,G"]
[Black "Zala,G"]
[Result "0-1"]
[WhiteElo "2029"]
[BlackElo "1999"]

1.e4 g6 2.Nc3 d6 3.d4 Bg7 4.Be3 e6 5.Qd2 Nd7 6.f3 c6 7.g4 h5 8.g5 d5 9.h4 Ne7
10.Nge2 b6 11.Ng3 Bb7 12.f4 Qc7 13.Rg1 dxe4 14.Ngxe4 Nf5 15.Bf2 Rd8 16.O-O-O O-O
17.Bh3 b5 18.Qe2 a5 19.Nb1 c5 20.Bxf5 exf5 21.Nf6+ Nxf6 22.gxf6 Rfe8 23.Qxb5 Bxf6
24.Qxc5 Qxf4+ 25.Rd2  0-1

[Event "TCh-CZE Liga 1 Zapad"]
[Site "Czech Rep CZE"]
[Date "2011.11.13"]
[Round "3.2"]
[White "Vlasak,Lu"]
[Black "Michalek,J"]
[Result "0-1"]
[WhiteElo "2319"]
[BlackElo "2332"]

1.e4 g6 2.d4 Bg7 3.Nc3 d6 4.f4 Nc6 5.Be3 Nf6 6.Nf3 O-O 7.Be2 e6 8.h3 b6 9.O-O Ne7
10.Nd2 c5 11.dxc5 bxc5 12.Nc4 d5 13.Bxc5 Nd7 14.Bxe7 Qxe7 15.exd5 exd5 16.Nxd5 Qc5+
17.Kh1 Bb7 18.Nde3 Nb6 19.Qd6 Qc8 20.Qb4 Nxc4 21.Bg4 Nxe3 22.Bxc8 Bxg2+ 23.Kg1 Raxc8
24.Rf2 Nxc2 25.Qa4 Bd4 26.Kxg2 Bxf2 27.Rc1 Ne1+  0-1

[Event "FSFMA November"]
[Site "Budapest HUN"]
[Date "2011.11.15"]
[Round "11"]
[White "Juracsik,J"]
[Black "Zala,G"]
[Result "1-0"]
[WhiteElo "2172"]
[BlackElo "1999"]

1.e4 g6 2.d4 Bg7 3.Nc3 d6 4.f4 e6 5.Nf3 Nd7 6.Be3 Ne7 7.Be2 b6 8.O-O Bb7
9.Qe1 d5 10.e5 a6 11.Nd1 c5 12.c3 Bc6 13.Nf2 Bb5 14.Nd3 Rc8 15.a4 Bc4 16.Kh1 Nc6
17.Nf2 Na5 18.Nd2 Bxe2 19.Qxe2 c4 20.Kg1 O-O 21.g4 f6 22.Nf3 Nb3 23.Rae1 Qc7
24.exf6 Bxf6 25.Nh3 Rce8 26.Ne5 Nxe5 27.fxe5 Bg7 28.Ng5 Qd7 29.Qg2 h6 30.Nf3 Qxa4
31.Qc2 Nc5 32.Qxg6 Nd3 33.Bxh6 Qd7 34.Ng5 Rf7 35.Rxf7  1-0

[Event "21st World Seniors"]
[Site "Rijeka CRO"]
[Date "2011.11.15"]
[Round "1.17"]
[White "Stull,N"]
[Black "Rukavina,J"]
[Result "0-1"]
[WhiteElo "2082"]
[BlackElo "2421"]

1.d4 d6 2.e4 g6 3.Nc3 Bg7 4.Be3 a6 5.Nf3 b5 6.Bd3 Bb7 7.a4 b4 8.Ne2 Nf6 9.Ng3 O-O
10.Qd2 a5 11.Bh6 Nbd7 12.h4 e5 13.h5 Bxh6 14.Qxh6 Ng4 15.Qd2 Nb6 16.Rh4 Bc8
17.O-O-O Qf6 18.hxg6 fxg6 19.Rdh1 h5 20.Nxh5 gxh5 21.Rxh5 Qf4 22.Rg5+ Kf7
23.Qxf4+ exf4 24.Rh7+ Ke8 25.Rxc7 Nxf2 26.Bb5+ Kd8 27.Rc6 Nd7 28.e5 Ne4 29.Rg7 Nb8
30.Rcc7 Ng3 31.Rcf7 Rxf7 32.Rxf7 Nf5 33.d5 dxe5 34.Nxe5 Nd6 35.Rxf4 Nd7 36.Nc6+ Kc7
37.g4 Bb7 38.g5 Nb6 39.g6 Nxd5  0-1

[Event "Martin Open"]
[Site "Martin SVK"]
[Date "2011.11.17"]
[Round "2"]
[White "Andreev,Ed UKR"]
[Black "Bakalar,J"]
[Result "1-0"]
[WhiteElo "2478"]
[BlackElo "2020"]

1.e4 g6 2.d4 Bg7 3.Nc3 d6 4.Be3 Nf6 5.h3 c6 6.f4 O-O 7.Qf3 Qc7 8.O-O-O a6
9.g4 b5 10.e5 Nd5 11.Nxd5 cxd5 12.h4 Nd7 13.h5 g5 14.h6 Bxe5 15.fxe5 dxe5
16.Bxg5 e4 17.Qe3 Nb6 18.Bf4 Qc6 19.Bc7 Bxg4 20.Be2 Bxe2 21.Nxe2 Kh8 22.Bxb6 Qxb6
23.Qg5 Rg8 24.Qe5+  1-0

[Event "Martin Open"]
[Site "Martin SVK"]
[Date "2011.11.17"]
[Round "3"]
[White "Druska,J"]
[Black "Kislinsky,A"]
[Result "0-1"]
[WhiteElo "2323"]
[BlackElo "2529"]

1.e4 g6 2.d4 Bg7 3.Nc3 d6 4.Be3 a6 5.a4 Nf6 6.f3 O-O 7.Qd2 e5 8.O-O-O exd4
9.Bxd4 Nc6 10.Be3 b5 11.Bh6 bxa4 12.h4 a3 13.b3 Bxh6 14.Qxh6 Qe7 15.h5 Nb4
16.g4 Qe5 17.hxg6 Bxg4 18.Qe3 fxg6 19.Bc4+ d5 20.fxg4 dxc4 21.Nf3 Qxc3 22.Qxc3 Na2+
23.Kd2 Nxe4+ 24.Ke3 Naxc3 25.Rd7 Nf6  0-1

[Event "21st World Seniors Women"]
[Site "Rijeka CRO"]
[Date "2011.11.17"]
[Round "3.3"]
[White "Miednikova,S"]
[Black "Khmiadashvili,T"]
[Result "1-0"]
[WhiteElo "2165"]
[BlackElo "2166"]

1.e4 d6 2.d4 g6 3.Nc3 Bg7 4.Be3 Nf6 5.f3 O-O 6.Qd2 e5 7.Nge2 exd4 8.Nxd4 Nc6
9.O-O-O Nxd4 10.Bxd4 Be6 11.h4 c5 12.Be3 Qa5 13.Bh6 Rfd8 14.Bxg7 Kxg7 15.a3 c4
16.g4 h5 17.g5 Ne8 18.Bxc4 Bxc4 19.Qd4+ Kg8 20.Qxc4 Rac8 21.Qd5 Rc5 22.Qxb7 Rxc3
23.bxc3 Qxa3+ 24.Qb2 Qc5 25.Rd3 a5 26.c4 Qxc4 27.Qb3 Qc5 28.Rd5 Qf2 29.Rxa5 Nc7
30.Ra3 Ne6 31.Qe3 Qg3 32.f4 Qxf4 33.Qxf4 Nxf4 34.Rf1 Ne6 35.Ra7 Rf8 36.Kd2 Nc5
37.Ke3 Re8 38.Rfxf7 Rxe4+ 39.Kf3 Re5 40.Rg7+ Kf8 41.Rxg6 Ne6 42.Rf6+ Kg8
43.c3 d5 44.Ra6 Ng7 45.Ra8+ Ne8 46.Rb6 Kf7 47.Rb7+ Re7 48.Rxe7+ Kxe7 49.Rxe8+  1-0

[Event "21st World Seniors"]
[Site "Rijeka CRO"]
[Date "2011.11.17"]
[Round "3.13"]
[White "Van Riemsdijk,H"]
[Black "Frick,C"]
[Result "1-0"]
[WhiteElo "2404"]
[BlackElo "2218"]

1.e4 g6 2.d4 Bg7 3.Nc3 d6 4.f4 e6 5.Nf3 Ne7 6.Be3 Nd7 7.Bd3 b6 8.O-O O-O
9.f5 exf5 10.exf5 Nf6 11.fxg6 fxg6 12.Qd2 Bb7 13.Rae1 Qd7 14.Bb5 c6 15.Bc4+ d5
16.Ne5 Qc8 17.Bd3 c5 18.Bh6 cxd4 19.Bxg7 Kxg7 20.Nb5 Ne4 21.Bxe4 dxe4 22.Rxf8 Qxf8
23.Nd7 Qf5 24.Qxd4+ Kg8 25.Nf6+  1-0

[Event "WYCC U14 Girls"]
[Site "Caldas Novas BRA"]
[Date "2011.11.18"]
[Round "1"]
[White "Beinenson,Katsiaryna"]
[Black "Arguello Vinueza,Bertha"]
[Result "1-0"]
[WhiteElo "1921"]
[BlackElo "1646"]

1.e4 g6 2.d4 Bg7 3.Nc3 d6 4.f4 Nd7 5.Nf3 a6 6.a4 b6 7.Bd3 Bb7 8.O-O e6 9.Be3 Ngf6
10.h3 O-O 11.g4 d5 12.e5 Ne8 13.f5 c5 14.f6 Nexf6 15.exf6 Bxf6 16.dxc5 bxc5
17.Bh6 Bg7 18.Bxg7 Kxg7 19.Re1 Qc7 20.Bf1 Rab8 21.b3 Qf4 22.Bg2 d4 23.Nb1 e5
24.Qd2 Qf6 25.Qg5 Qe6 26.Qh4 f6 27.Nbd2 Rfe8 28.Ne4 Bxe4 29.Rxe4 f5 30.Ng5 Qg8
31.gxf5 gxf5 32.Rf1 Rf8 33.Re2 h6 34.Nf3 Rbe8 35.Qg3+ Kh7 36.Qxg8+ Kxg8 37.Nh4 f4
38.Bc6 Rf7 39.Bd5 Kg7 40.Bxf7 Kxf7 41.Nf5 Kg6 42.Nd6 Re6 43.Nc4 Kf5 44.Rfe1 e4
45.Rxe4 Rg6+ 46.Kf2 Rg3 47.Re7 Nf6 48.Nd6+ Kg6 49.Rg1 Rxg1 50.Kxg1 Nd5 51.Re6+ Kg7
52.Kf2 Ne3 53.Kf3 Nxc2 54.Kxf4 d3 55.Nf5+ Kf7 56.Rd6 Nb4 57.Ke5 a5 58.Nxh6+ Kf8
59.Rd7 Nc6+ 60.Kf6 Ke8 61.Rxd3 Nd4 62.Nf5 Nxf5 63.Kxf5  1-0

[Event "WYCC U14 Open"]
[Site "Caldas Novas BRA"]
[Date "2011.11.18"]
[Round "1"]
[White "Tan,Ju2"]
[Black "Satre,Mathias"]
[Result "1-0"]
[WhiteElo "2160"]
[BlackElo "1754"]

1.e4 d6 2.d4 g6 3.Nc3 Bg7 4.f4 Nf6 5.Nf3 O-O 6.Bd3 c5 7.dxc5 dxc5 8.e5 Nd5
9.Nxd5 Qxd5 10.Qe2 Nc6 11.Be4 Qd8 12.Be3 Qc7 13.O-O-O Rb8 14.Qb5 Nd4 15.Nxd4 cxd4
16.Bxd4 b6 17.Qe2 Be6 18.b3 Rfd8 19.Kb1 Rbc8 20.g4 Bd7 21.Bb2 Bc6 22.Rxd8+ Rxd8
23.Qc4 Rc8 24.Bxc6 Qxc6 25.Qxc6 Rxc6 26.Rd1 Rc7 27.Rd8+ Bf8 28.f5 gxf5 29.gxf5 f6
30.e6 a6 31.Bd4 b5 32.c3 Kg7 33.Kc2 Rc6 34.Kd3 Rd6 35.Rxd6 exd6 36.Ke4 Be7
37.Kd5 h5 38.h4 Kf8 39.Be3 Ke8 40.Bf4  1-0

[Event "WYCC U18 Open"]
[Site "Caldas Novas BRA"]
[Date "2011.11.18"]
[Round "1"]
[White "Pon,M"]
[Black "Kerigan,D"]
[Result "0-1"]
[WhiteElo "1656"]
[BlackElo "2192"]

1.e4 g6 2.d4 Bg7 3.Nc3 d6 4.Nge2 Nf6 5.g3 O-O 6.Bg2 e5 7.O-O c6 8.h3 Qc7
9.Be3 b5 10.a3 Nbd7 11.Qd2 Nb6 12.b3 Bb7 13.Rad1 Rad8 14.Bh6 Rfe8 15.Bxg7 Kxg7
16.f4 exd4 17.Nxd4 a6 18.f5 c5 19.Nde2 b4 20.Nd5 Bxd5 21.exd5 Qe7 22.Nf4 Qe3+
23.Qxe3 Rxe3 24.axb4 cxb4 25.fxg6 hxg6 26.Rf3 Rxf3 27.Bxf3 Rc8 28.Rd2 a5
29.h4 Rc5 30.Kf2 Nbd7 31.Nd3 Rb5 32.g4 Nc5 33.Ke3 Nxd3 34.Rxd3 Rc5 35.Kd2 Nd7
36.Be2 Ne5 37.Rd4 Rc3 38.Rf4 f6 39.h5 Rc5 40.Rd4 Kh6 41.hxg6 Kxg6 42.Bd1 Kg5
43.Ke3 Rc3+ 44.Kf2  0-1

[Event "21st World Seniors"]
[Site "Rijeka CRO"]
[Date "2011.11.19"]
[Round "5.36"]
[White "Hoeschele,HU"]
[Black "Fucak,E"]
[Result "1-0"]
[WhiteElo "2137"]
[BlackElo "2242"]

1.d4 d6 2.Nc3 g6 3.e4 Bg7 4.Be3 c6 5.a4 Nf6 6.f3 O-O 7.Qd2 e5 8.dxe5 dxe5
9.Bd3 Qe7 10.Qf2 Nbd7 11.Nge2 a5 12.O-O Re8 13.h3 h6 14.Kh1 g5 15.Ng3 Nf8
16.Bc5 Qc7 17.Bb6 Qe7 18.Bc5 Qc7 19.Nf5 Be6 20.Bd6 Qd8 21.Nxg7 Qxd6 22.Nxe8 Rxe8
23.Rfd1 Qc7 24.Bf1 Kg7 25.Qc5 N6d7 26.Qe3 Ng6 27.Rd2 Rg8 28.Rad1 Ngf8 29.Ne2 Kg6
30.Ng3 h5 31.Nf5 Rh8 32.Rd6 f6 33.h4 gxh4 34.Nxh4+ Kf7 35.f4 exf4 36.Qxf4 Ne5
37.Nf3 Nxf3 38.Qxf3 Qe7 39.e5 Rh6 40.R1d4 Kg7 41.Qf4 h4 42.Kh2 c5 43.Rd2 Nd7
44.exf6+ Rxf6 45.Qg5+ Kf7 46.Bc4 Nf8 47.Bxe6+ Rxe6 48.Qxe7+  1-0

[Event "5th Mediterranean Open"]
[Site "Rijeka CRO"]
[Date "2011.11.19"]
[Round "9.27"]
[White "Jokic,Mil"]
[Black "Zrilic,B"]
[Result "1-0"]
[WhiteElo "1910"]
[BlackElo "2018"]

1.e4 d6 2.d4 g6 3.Nc3 Bg7 4.Bc4 c6 5.a4 Nf6 6.h3 O-O 7.Nf3 Qc7 8.Bf4 Nbd7
9.O-O e5 10.dxe5 dxe5 11.Bh2 Nh5 12.Qd2 Nf4 13.Rfd1 a5 14.Ne2 Nxe2+ 15.Qxe2 Nc5
16.c3 Be6 17.Bxe6 Nxe6 18.Qc4 Rfd8 19.Rxd8+ Rxd8 20.b4 axb4 21.cxb4 Nf4 22.Bxf4 exf4
23.Rc1 Qe7 24.b5 cxb5 25.axb5 h6 26.b6 Bf8 27.Qc7 Rd7 28.Qxf4 g5 29.Qe3 Qb4
30.e5 Re7 31.Rc7 Re6 32.Rxb7 Bc5 33.Rb8+ Kg7 34.Qd3 Bxb6 35.Qd8 Bxd8 36.Rxb4 Bc7
37.Rb5 Kg6 38.g4 h5 39.gxh5+ Kxh5 40.Kg2 Kg6 41.Rd5 f6 42.exf6 Rxf6 43.Rxg5+ Kh6
44.Rg4 Rg6 45.Rxg6+ Kxg6 46.Nd4 Bb6 47.Ne2 Kf5 48.f3 Bc7 49.h4 Kg6  1-0

[Event "WYCC U18 Open"]
[Site "Caldas Novas BRA"]
[Date "2011.11.20"]
[Round "3"]
[White "Petenyi,T"]
[Black "Kerigan,D"]
[Result "1-0"]
[WhiteElo "2372"]
[BlackElo "2192"]

1.e4 g6 2.d4 Bg7 3.Nc3 d6 4.Be3 a6 5.f4 b5 6.Bd3 Bb7 7.Nf3 Nf6 8.e5 Ng4 9.Qe2 Nxe3
10.Qxe3 Nc6 11.O-O e6 12.d5 exd5 13.exd6+ Kf8 14.dxc7 Qxc7 15.Nxd5 Qd6 16.Qb6 Rb8
17.Nc3 Qb4 18.Nd5 Qd6 19.Nc3 Qb4 20.Qc7 Bxc3 21.bxc3 Qxc3 22.Ne5 Qc5+ 23.Kh1 Qe7
24.Nd7+ Kg7 25.f5 Qd8 26.Qd6 Bc8 27.fxg6 fxg6 28.Rf6  1-0

[Event "25th British Rapidplay"]
[Site "Leeds ENG"]
[Date "2011.11.20"]
[Round "7"]
[White "Jones,G"]
[Black "Walker,Da"]
[Result "1-0"]
[WhiteElo "2635"]
[BlackElo "2281"]

1.e4 g6 2.d4 Bg7 3.Nc3 d6 4.Be3 c6 5.Qd2 Nd7 6.f4 Ngf6 7.Nf3 b5 8.Bd3 Nb6
9.b3 O-O 10.h3 a5 11.O-O b4 12.Ne2 Ba6 13.Ng3 d5 14.Bxa6 Nxe4 15.Nxe4 dxe4
16.Bb7 exf3 17.Rxf3 Rb8 18.Bxc6 e6 19.Rd1 Nd5 20.Bxd5 Qxd5 21.Bf2 Rfd8 22.Kh1 Rd7
23.c4 bxc3 24.Rxc3 Rbd8 25.Qc2 Qb7 26.Rc4 Bf6 27.Be1 Rd5 28.Qe4 Qb6 29.Bc3 Be7
30.Bb2 Bf6 31.Rd3 Bg7 32.Bc3 Bf8 33.Qe1 Be7 34.Ra4 Ra8 35.Re3 Bd6 36.Rxe6 Qb5
37.Re4 Qd3 38.Rc4 Kg7 39.Rc6 Rd8 40.Rc5 Bxc5 41.dxc5+ Kf8 42.Bxa5 Rc8 43.Bb4 Qd1
44.Qxd1 Rxd1+ 45.Kh2 Rc6 46.Ba5 Kg7 47.Bb6 Rd2 48.a4 Kf6 49.b4 Kf5 50.Rc4 Re6
51.c6 Ree2 52.c7 Rxg2+ 53.Kh1 Rh2+ 54.Kg1 Rhg2+ 55.Kf1 Rh2 56.c8=Q+  1-0

[Event "3rd Pilsen Open"]
[Site "Plzen CZE"]
[Date "2011.11.20"]
[Round "2"]
[White "Jesensky,J"]
[Black "Horyna,J"]
[Result "0-1"]
[WhiteElo "1655"]
[BlackElo "1901"]

1.e4 g6 2.d4 Bg7 3.Nc3 d6 4.Be3 Nf6 5.Qd2 Ng4 6.Bf4 c6 7.h3 Nf6 8.Bh6 O-O
9.O-O-O Qa5 10.Bxg7 Kxg7 11.a3 b5 12.e5 Nfd7 13.f4 Ba6 14.g4 b4 15.Na2 Bxf1
16.Rxf1 Qd5 17.Nf3 Qxa2 18.Qxb4 Nb6 19.b3 c5 20.dxc5 Nc6 21.Qc3 Qxa3+ 22.Kd2 Qxc5
23.Qxc5 dxc5 24.Ng5 h6 25.Ne4 c4 26.h4 Rad8+ 27.Ke2 cxb3  0-1

[Event "3rd Pilsen Open"]
[Site "Plzen CZE"]
[Date "2011.11.20"]
[Round "2"]
[White "Blecha,Mir"]
[Black "Hastik,S"]
[Result "1-0"]
[WhiteElo "2235"]
[BlackElo "2031"]

1.e4 g6 2.d4 Bg7 3.Nc3 d6 4.Be3 c6 5.Qd2 Nd7 6.Nf3 b5 7.Bd3 Nb6 8.h3 Nf6
9.Bh6 O-O 10.O-O Bb7 11.Rae1 Qc7 12.Bxg7 Kxg7 13.Nh2 e5 14.dxe5 dxe5 15.f4 b4
16.Nd1 c5 17.fxe5 Qxe5 18.Ne3 Bc8 19.Rf2 Be6 20.Nf5+ Bxf5 21.exf5 Qxb2 22.Ng4 Nxg4
23.hxg4 Qc3 24.f6+ Kh8 25.Qc1 Nd5 26.Ref1 Qd4 27.Kh1 Qe3 28.Qa1 Rae8 29.Rf3 Qg5
30.Rh3 Nf4 31.Rhf3 Nxd3 32.cxd3 Qxg4 33.Rh3 Re2 34.Rh2 Rfe8 35.Qc1 h5 36.Qh6+  1-0

[Event "Malta Open"]
[Site "Bugibba MLT"]
[Date "2011.11.21"]
[Round "2.4"]
[White "Rausis,I"]
[Black "Richardson,Kei"]
[Result "1-0"]
[WhiteElo "2497"]
[BlackElo "2137"]

1.e4 g6 2.d4 Bg7 3.Nc3 d6 4.f4 Nc6 5.Be3 Nf6 6.Nf3 O-O 7.Be2 a6 8.e5 Ng4
9.Bg1 dxe5 10.dxe5 Nh6 11.Nd4 Nxd4 12.Qxd4 Qxd4 13.Bxd4 Be6 14.Bf3 g5 15.Ne2 Nf5
16.Bc3 Ne3 17.Kf2 gxf4 18.Nxf4 Ng4+ 19.Kg3 Nxe5 20.Bxb7 Rab8 21.Nxe6 fxe6
22.Bxa6 Rf5 23.h3 Rb6 24.Be2 Ng6 25.Bxg7 Kxg7 26.b3 e5 27.Bd3 Rg5+ 28.Kh2 Nf4
29.Be4 Ne2 30.Rhe1 Nc3 31.Re3 Nxe4 32.Rxe4 Rd6 33.Rae1 Rd2 34.R1e2  1-0

[Event "Femida Cup Women"]
[Site "Kharkiv UKR"]
[Date "2011.11.21"]
[Round "2"]
[White "Andrenko,I"]
[Black "Lomakina,G"]
[Result "1-0"]
[WhiteElo "2210"]
[BlackElo "2085"]

1.e4 g6 2.d4 Bg7 3.Nc3 d6 4.f4 Nf6 5.Nf3 O-O 6.e5 dxe5 7.fxe5 Nd5 8.Bc4 Nxc3
9.bxc3 c5 10.O-O Nc6 11.h3 Bf5 12.Ng5 h6 13.Nxf7 Rxf7 14.g4 e6 15.gxf5 exf5
16.Be3 Qh4 17.Bxf7+ Kxf7 18.Qf3 Rd8 19.Rab1 Rd7 20.e6+ Kxe6 21.Rxb7 Ne7 22.Bf2 Qg5+
23.Kh1 Rxb7 24.Re1+ Kf7 25.Qxb7 cxd4 26.cxd4 Bf6 27.Qb3+ Kg7 28.Qb4 f4 29.Qc5 Nf5
30.Qxa7+ Be7 31.Qb7 Ne3 32.Bxe3 fxe3 33.Qf3 Bd6 34.Rxe3 h5 35.c4 Bf4 36.Qb7+ Kh6
37.Re7 Bc7 38.Qxc7 Qc1+ 39.Kg2 Qd2+ 40.Kf1 Qd1+ 41.Re1 Qd3+ 42.Re2 Qd1+ 43.Kf2 Qxd4+
44.Kg2  1-0

[Event "21st World Seniors"]
[Site "Rijeka CRO"]
[Date "2011.11.21"]
[Round "6.3"]
[White "Jansa,Vl"]
[Black "Komljenovic,D"]
[Result "1/2-1/2"]
[WhiteElo "2478"]
[BlackElo "2451"]

1.e4 g6 2.d4 Bg7 3.Nc3 d6 4.Be3 a6 5.Qd2 b5 6.Bd3 Nd7 7.Nf3 c5 8.O-O Bb7
9.Rfe1 cxd4 10.Bxd4 Ngf6 11.b4 e5 12.Be3 O-O 13.a4 d5 14.Bg5 dxe4 15.Nxe4 Bxe4
16.Bxe4 Nxe4 17.Rxe4 Nf6 18.Qxd8 Rfxd8 19.Bxf6 Bxf6 20.axb5 axb5 21.Rxa8 Rxa8
22.g4 Rc8 23.g5 Bg7 24.Nxe5 Rxc2 25.Nd7 h6 26.Nf6+ Bxf6 27.gxf6 g5 28.Re5 Kh7
29.Rxb5 Kg6 30.Rb6 Rb2 31.b5 g4 32.Rb8 Kxf6 33.b6 h5 34.b7 Kg7 35.h3 f5 36.hxg4 hxg4
37.f3 gxf3  1/2-1/2

[Event "Vilnius Open 2011"]
[Site "Vilnius LTU"]
[Date "2011.11.21"]
[Round "3"]
[White "Vasylius,K"]
[Black "Vaitonis,V"]
[Result "1-0"]
[WhiteElo "2119"]
[BlackElo "2040"]

1.e4 g6 2.d4 Bg7 3.Nc3 d6 4.Be3 c6 5.Nf3 b5 6.Bd3 e5 7.d5 b4 8.Ne2 Nf6 9.c4 O-O
10.h3 Qe7 11.Qd2 cxd5 12.cxd5 Nxd5 13.exd5 e4 14.Bxe4 Qxe4 15.Ng3 Qc4 16.Rc1 Qxa2
17.O-O Ba6 18.Rfd1 Qxb2 19.Rc2 Qb3 20.Bh6 Nd7 21.Bxg7 Kxg7 22.Rc7 Ne5 23.Nd4 Qa3
24.Nh5+ Kh8 25.Nf6 Rg8 26.Re1 Rg7 27.Qh6 Bc8 28.Nxh7  1-0